000 00408nam a22001697a 4500
003 OSt
008 250401b |||||||| |||| 00| 0 eng d
020 _a9789354600203
082 _a658.15 BAM
100 _aBAYE,Michael R
245 _aManagerial Economics and Business Strategy
250 _a9th Ed
260 _aNew Delhi
_bTMH
_c2024
300 _a548
700 _aPRINCE,Jeffrey T
942 _2ddc
_cBK
999 _c13193
_d13193